000 00960nam a22002417a 4500
005 20170124110226.0
010 _aA-387361
020 _c275.00
035 _aA-387361
037 _bCen Lib/Ret
040 _aDPL
_bEN
082 _a344.05
_bRAM
100 _aRamakrishna
_940758
245 _aA treatise on anti-corruption laws in India : with exhaustive commentaries on the Prevention of Corruption Act, 1988 :
_cby P. V. Ramakrishna
_b : the Dehli Special Police Establishment Act, 1946, the Criminal Law Amendment Ordinence, 1944, offenses of conspiracy, attempt and abetment which are punishable under the Indian Penal Code, and other allied acts/
250 _a3rd ed.
260 _aHyderabad
_bAsia Law House
_c1989
270 _aOpp. High Court
_bHyderabad
300 _axcv,966p.
_c23cm(Hb)
500 _aIncludes index
650 _aAnti-corruptions Laws
_940759
650 _aLaw
_9104
942 _2ddc
_cEN
_h344.05
_mRAM
999 _c134449
_d134449